<?xml version="1.0" encoding="UTF-8"?>
<record
    xmlns:xsi="http://www.w3.org/2001/XMLSchema-instance"
    xsi:schemaLocation="http://www.loc.gov/MARC21/slim http://www.loc.gov/standards/marcxml/schema/MARC21slim.xsd"
    xmlns="http://www.loc.gov/MARC21/slim">

  <leader>02521cam a22003498i 4500</leader>
  <controlfield tag="001">22686360</controlfield>
  <controlfield tag="003">EG-ScBUE</controlfield>
  <controlfield tag="005">20240623101611.0</controlfield>
  <controlfield tag="008">220707s2023    flua   f b    001 0 eng d</controlfield>
  <datafield tag="020" ind1=" " ind2=" ">
    <subfield code="a">9781032272399</subfield>
  </datafield>
  <datafield tag="040" ind1=" " ind2=" ">
    <subfield code="a">DNLM/DLC</subfield>
    <subfield code="b">eng</subfield>
    <subfield code="e">rda</subfield>
    <subfield code="c">DLC</subfield>
    <subfield code="d">EG-ScBUE</subfield>
  </datafield>
  <datafield tag="082" ind1="0" ind2="0">
    <subfield code="a">616.9803076</subfield>
    <subfield code="2">22</subfield>
    <subfield code="b">MCQ</subfield>
  </datafield>
  <datafield tag="245" ind1="0" ind2="0">
    <subfield code="a">MCQs, MEQs and OSPEs in occupational medicine :</subfield>
    <subfield code="b">a revision aid /</subfield>
    <subfield code="c">edited by Ken Addley OBE, consultant occupational physician, honorary visiting professor, Ulster University Business School, Belfast, Northern Ireland.</subfield>
  </datafield>
  <datafield tag="250" ind1=" " ind2=" ">
    <subfield code="a">Second edition.</subfield>
  </datafield>
  <datafield tag="264" ind1=" " ind2="1">
    <subfield code="a">Boca Raton :</subfield>
    <subfield code="b">CRC Press,</subfield>
    <subfield code="c">2023.</subfield>
  </datafield>
  <datafield tag="300" ind1=" " ind2=" ">
    <subfield code="a">xii, 155 pages :</subfield>
    <subfield code="b">color illustrations ;</subfield>
    <subfield code="c">24 cm.</subfield>
  </datafield>
  <datafield tag="336" ind1=" " ind2=" ">
    <subfield code="a">text</subfield>
    <subfield code="b">txt</subfield>
    <subfield code="2">rdacontent</subfield>
  </datafield>
  <datafield tag="337" ind1=" " ind2=" ">
    <subfield code="a">unmediated</subfield>
    <subfield code="b">n</subfield>
    <subfield code="2">rdamedia</subfield>
  </datafield>
  <datafield tag="338" ind1=" " ind2=" ">
    <subfield code="a">volume</subfield>
    <subfield code="b">nc</subfield>
    <subfield code="2">rdacarrier</subfield>
  </datafield>
  <datafield tag="490" ind1="0" ind2=" ">
    <subfield code="a">Master pass</subfield>
  </datafield>
  <datafield tag="500" ind1=" " ind2=" ">
    <subfield code="a">Preceded by MCQs and revision aid in occupational medicine / Ken Addley ; with a foreword by W.A. Eakins. 1995.</subfield>
  </datafield>
  <datafield tag="504" ind1=" " ind2=" ">
    <subfield code="a">Includes bibliographical references and index.</subfield>
  </datafield>
  <datafield tag="505" ind1="0" ind2=" ">
    <subfield code="a">Multiple Choice Questions (MCQ's) -- Modified Essay Questions (MEQ's) -- Observed Structured Practical Examination Questions (OSPE's) -- Answers.</subfield>
  </datafield>
  <datafield tag="520" ind1=" " ind2=" ">
    <subfield code="a">"This second edition of the well-regarded Multiple Choice Questions and Revision Aid in Occupational Medicine continues as a comprehensive revision and study resource for those preparing for professional examinations in occupational health, occupational medicine and occupational health &amp; safety. The content has been extensively revised and updated to cover relevant and current issues. There are three sections organized by question type - MCQ, MEQ, and OSPE. Each question is accompanied by the correct answer along with a brief justification explanation. The subject topics cover typical occupational health/medicine syllabuses associated with professional examinations including the use of the 'best of many' MCQ format. The book is essential reading for medical and non-medical practitioners studying for these examinations and will also be useful to those already in the multi-disciplinary field or those intending to enter it"--</subfield>
    <subfield code="c">Provided by publisher.</subfield>
  </datafield>
  <datafield tag="650" ind1=" " ind2="7">
    <subfield code="a">Occupational Diseases.</subfield>
    <subfield code="2">BUEsh</subfield>
  </datafield>
  <datafield tag="650" ind1=" " ind2="7">
    <subfield code="a">Occupational Medicine.</subfield>
    <subfield code="2">BUEsh</subfield>
  </datafield>
  <datafield tag="653" ind1=" " ind2=" ">
    <subfield code="c">June2024</subfield>
    <subfield code="b">PT</subfield>
  </datafield>
  <datafield tag="655" ind1=" " ind2=" ">
    <subfield code="v">Reading book</subfield>
  </datafield>
  <datafield tag="700" ind1="1" ind2=" ">
    <subfield code="a">Addley, Ken,</subfield>
    <subfield code="e">editor.</subfield>
  </datafield>
  <datafield tag="776" ind1="0" ind2="8">
    <subfield code="i">Online version:</subfield>
    <subfield code="t">MCQs, MEQs and OSPEs in occupational medicine</subfield>
    <subfield code="b">Second edition.</subfield>
    <subfield code="d">Boca Raton : CRC Press, 2022</subfield>
    <subfield code="z">9781003291930</subfield>
    <subfield code="w">(DLC) 2022032436</subfield>
  </datafield>
  <datafield tag="942" ind1=" " ind2=" ">
    <subfield code="2">ddc</subfield>
    <subfield code="c">BB</subfield>
  </datafield>
  <datafield tag="999" ind1=" " ind2=" ">
    <subfield code="c">30788</subfield>
    <subfield code="d">30759</subfield>
  </datafield>
  <datafield tag="952" ind1=" " ind2=" ">
    <subfield code="0">0</subfield>
    <subfield code="1">0</subfield>
    <subfield code="2">ddc</subfield>
    <subfield code="4">0</subfield>
    <subfield code="7">0</subfield>
    <subfield code="8">Baccah</subfield>
    <subfield code="a">MAIN</subfield>
    <subfield code="b">MAIN</subfield>
    <subfield code="c">1ST</subfield>
    <subfield code="d">2024-06-23</subfield>
    <subfield code="e">Purchase</subfield>
    <subfield code="g">1812.00</subfield>
    <subfield code="h">38283</subfield>
    <subfield code="l">0</subfield>
    <subfield code="o">616.9803076 MCQ</subfield>
    <subfield code="p">000057143</subfield>
    <subfield code="r">2025-07-15 00:00:00</subfield>
    <subfield code="v">2265.00</subfield>
    <subfield code="w">2024-06-23</subfield>
    <subfield code="y">BB</subfield>
  </datafield>
</record>
